Statistics for Departments of Honduras with a Map

Click here to take the quiz!

General Stats

  • This quiz has been taken 696 times
  • The average score is 11 of 18

Answers on the Map

Answers color-coded by a green-red scale on the quiz's map according to % correct below.
 

Answer Stats

Department% Correct
Colón
77%
Gracias a Dios
76%
Atlántida
74%
Islas de la Bahía
69%
La Paz
69%
Valle
69%
Cortés
65%
Francisco Morazán
65%
Copán
63%
Yoro
62%
Comayagua
61%
Olancho
60%
Santa Bárbara
58%
Choluteca
57%
El Paraíso
57%
Lempira
57%
Ocotepeque
55%
Intibucá
51%

Score Distribution

Percentile by Number Answered

Percent of People with Each Score

Your Score History

You have not taken this quiz